Language and creativity : The art of common talk

Na minha lista:
Detalhes bibliográficos
Autor principal: Carter, Ronald
Formato: Livro
Idioma:Undetermined
Publicado em: New York Routledge 2004
Assuntos:
Tags: Adicionar Tag
Sem tags, seja o primeiro a adicionar uma tag!
Thư viện lưu trữ: Trung tâm Học liệu Trường Đại học Cần Thơ
LEADER 00522nam a2200193Ia 4500
001 CTU_117708
008 210402s9999 xx 000 0 und d
082 |a 401.41 
082 |b C323 
100 |a Carter, Ronald 
245 0 |a Language and creativity : 
245 4 |b The art of common talk 
245 0 |c Ronald Carter 
260 |a New York 
260 |b Routledge 
260 |c 2004 
650 |a Creativity (linguistics),Sociolinguistics 
904 |i Truc 
980 |a Trung tâm Học liệu Trường Đại học Cần Thơ